Incorporated Society of Planters, 1919-1994 : A miscellany of 75 years

Bibliographic Details
Corporate Author: INCORPORATED Society of Planters
Format: Book
Published: Kuala Lumpur : Incorporated Society of Planters , (1994)
Subjects:

MARC

LEADER 00000cam a2200000 7i4500
001 0000000319
005 20000801.0
090 0 0 |a MR630.9595   |b INC 1994 
110 1 0 |a INCORPORATED Society of Planters 
245 1 0 |a Incorporated Society of Planters, 1919-1994 :   |b A miscellany of 75 years 
260 0 0 |a Kuala Lumpur :   |b Incorporated Society of Planters ,   |c (1994) 
300 |a 310 p. :   |b ill. ;   |c 26 cm. 
650 0 0 |a Planters   |z Malaysia 
999 |a 0000001067   |b Monograph   |c Reference   |e Default branch